| 000 | 01744 a2200325 4500 | ||
|---|---|---|---|
| 003 | OSt | ||
| 005 | 20180116192336.0 | ||
| 008 | 120518t xxu||||| |||| 00| 0 eng d | ||
| 010 | _a 2009008956 | ||
| 020 | _a9780415497008 (hbk : alk. paper) | ||
| 020 | _a0415497000 (hbk : alk. paper) | ||
| 020 | _a9780203871393 (ebk) | ||
| 020 | _a0203871391 (ebk) | ||
| 035 | _a(OCoLC)ocn311756865 | ||
| 040 | _c0 | ||
| 082 | 0 | 0 | _a701.8 |
| 245 | 0 | 0 |
_aEmbracing complexity in design / _cedited by Jeffrey Johnson, Katerina Alexiou & Theodore Zamenopoulos. |
| 260 |
_aNew York : _bRoutledge, _c2010. |
||
| 300 |
_axv, 216 p. : _bill. ; _c26 cm. |
||
| 500 | _aIncludes index | ||
| 505 | 0 | _aGenerating cities using complexity theory / Batty -- Embracing complexity in building design / Bachman -- Complexity in engineering design / Eckert, Keller and Clarkson -- Using complexity science framework and multi-agent technology in design / Rzevski -- Complexity and coordination in collaborative design / Alexiou -- The mathematical conditions of design ability: a complexity theoretic view / Zamenopoulos -- The art of complex systems science / Cham -- Performance, complexity and emergent objects / Wallis -- Developments in service design thinking and practice / Young -- Metamorphosis of the artificial / Robertson -- Embracing design in complexity / Johnson. | |
| 650 | 0 |
_aDesign. _91670 |
|
| 650 | 0 |
_aComplexity (Philosophy) _91671 |
|
| 700 | 1 |
_aJohnson, J. _91672 |
|
| 700 | 1 |
_aAlexiou, Katerina, _d1973- _91673 |
|
| 700 | 1 |
_aZamenopoulos, Theodore, _d1973- _91674 |
|
| 942 |
_aSADA _cBK _k701.8 EMB 2010 _2ddc |
||
| 999 |
_c352486 _d352486 |
||